000 00839cam a2200157 4500500
005 20260322002811.0
041 _afre
042 _adc
100 1 0 _aPlusquellec, Florent
_eauthor
245 0 0 _aVivien Barrière, Stéphane Coviaux, Alban Gautier and Anne Lehoërff, Les mondes du Nord. De la Préhistoire à l’âge viking. Une enquête historique sans précédent. Tallandier, “Humanités”, 2025, 656 pages, 29.90 euros.
260 _c2026.
500 _a60
520 _aEva Jospin takes us on a journey toward the universal in art: The fascinating exploration of caves presented at the Grand Palais invites us to search for shared human experiences.
786 0 _nÉtudes | 4334 | 2 | 2026-01-26 | p. 129-129 | 0014-1941
856 4 1 _uhttps://shs.cairn.info/journal-etudes-2026-2-page-129?lang=en&redirect-ssocas=7080
999 _c1726722
_d1726722